000
00196 a2200097 4500
001
42688
100
_a
Gunther
245
_a
D Day
260
_a
London
_b
Hamish Hamilton
_c
090
_c
26582
_d
26582
942
_a
NUST-CAE
_c
M
_c
18427
999
_c
277761
_d
277761